000 01023nam a22003017a 4500
003 CHAP
005 20220329140804.0
008 971013s1984 r 00010 d
010 _a57640
011 _a58612
035 _a62767
040 _cCHAP
090 _aTesis
100 0 0 _aSouza Valverde, Francisco Ismael.
_9109001
245 _aproyecto de prefactibiladad para el stablecimiento de una granja caprina en el ejido de Nexpa, morelos
260 _aMéxico, D.F. :
_bEl autor,
_c1984
300 _a72 h.
_b: ilus. ; gráfs. ; mapa
502 _aTesis (Médico Veterinario Zootecnista) -- UNAM. Fac. de Medicina Veterinaria y Zootecnia
590 _aALEPH
_b10
_c20130110
_lUCH01
_h1336
590 _aBATCH-UPD
_b10
_c20130110
_lUCH01
_h0328
590 _aBATCH-UPD
_b10
_c20130110
_lUCH01
_h2117
590 _aCONVERSION
_b10
_c20130109
_lUCH01
_h1331
650 1 4 _aGranjas caprinas.
_950403
650 1 4 _aGranjas
_xMorelos.
_950394
901 _aBK
942 _cTESIS
949 _bBC
_cTES
_d-134446
_eTS1
_i62767
_si
999 _c57640
_d57640